000 00642nam a2200229Ia 4500
003 OSt
005 20220923224927.0
006 a|||||r|||| 00| 0
007 ta
008 Pun
024 _a253,758
037 _cTextual
040 _aARTS
_cARTS
_bPun
041 _2Pun
_aPun
082 _aO153,1:g(Delta73), M8
100 _aਲਾਂਬਾ, ਗੋਬਿੰਦ ਸਿੰਘ
245 0 _aਸੂਖ਼ੀ ਸਾਹਿਤ
260 _c1988
650 _aਪੰਜਾਬੀ ਸਾਹਿਤ
942 _hO153,1:g(Delta73), M8
_cTEXL
_2CC
999 _c374723
_d374723